000
00340 a2200145 4500
999
_c
12377
_d
12377
003
OSt
005
20240116113134.0
008
240116b ||||| |||| 00| 0 eng d
020
_a
9783038602873
082
_a
720.1
_b
ABA
100
_a
Abalos, IƱaki,
_d
1956-
245
_a
Absolute beginners
260
_b
Park Books
_c
2022
942
_2
ddc